000 00416nam a2200157Ia 4500
008 230711s9999||||xx |||||||||||||| ||und||
041 _aENG
082 _a720
_bHU-P
100 _aRob Hummel
245 0 _aPc magazine programmer's technical reference: the processor and coprocessor
250 _a1st Ed.
260 _c1992
_aNew Jersy
_bZD Press Eneryillia
300 _a761
650 _aArchitecture
942 _cBK
999 _c2885
_d2885